000 00878nam a2200253 i 4500
001 169345
003 ES-MaACL
005 20250911062846.0
008 080901s2008 sp |||| | spa d
017 _aM-10.712-2008
020 _a978-84-7522-678-1
080 _a821.134.2-14"19"(082.2)
245 0 4 _aLos senderos y el bosque
_b: XX años del Premio Loewe : antología /
_cLuis Antonio de Villena.
260 _aMadrid :
_bVisor Libros,
_c2008.
300 _a311 p. ;
_c20 cm.
490 1 _aColección Visor de poesía ;
_v678
500 _aFundación Loewe: Premio Internacional de Poesía.
650 4 _aPoesías españolas-
_yS.XX.
_916221
700 1 _aVillena, Luis Antonio de,
_d1951-
_9240059
710 2 _aFundación Loewe.
_9138427
830 0 _aColección Visor de poesía
_v678
_9177331
852 4 _aES-MaACL
_jL-29682
_9R.143496
999 _c169345
_d169345